লোডিং...

Organic chemistry/3rd ed.

গ্রন্থ-পঞ্জীর বিবরন
প্রধান লেখক: Fieser, Louis F.
অন্যান্য লেখক: Fieser, Mary
বিন্যাস: Printed Book
ভাষা:English
প্রকাশিত: New York Reinholod publishing 1956
সংস্করন:3rd ed.
বিষয়গুলি:
LEADER 00608nam a2200181 a 4500
005 20151028161934.0
008 960221s1955 dcuabcdjdbkoqu001 0deng d
003 ViArRB
082 |a 547 
100 |a Fieser, Louis F.  |9 16556 
245 |a  Organic chemistry/3rd ed. 
250 |a 3rd ed. 
653 |a Organic chemistry  |a Spectrochemistry  |a Spectroscopy  |a Carbohydrates  |a Phenols  |a Alkanes 
700 |a Fieser, Mary  |9 16555 
942 |c BK  |6 _ 
260 |a New York  |b Reinholod publishing  |c 1956 
999 |c 72009  |d 72009 
952 |0 0  |1 0  |2 ddc  |4 0  |6 547_J6  |7 0  |9 83859  |a SOS  |b SOS  |d 2010-01-20  |o 547 J6  |p MS000877  |r 2013-06-14  |w 2009-07-13  |y BK